000
00335pab a2200145 454500
008
180718b2005 xxu||||| |||| 00| 0 eng d
100
_a
Nandi, Jayanta Kishore
245
_a
Management education
260
_c
2005
300
_a
p.47-53.
362
_a
Sep
650
_a
Management education
773
_a
HRM Review
909
_a
67291
999
_c
67291
_d
67291